Учим говорить по-немецки: Сборник речевых упражнений в дополнение к учебнику. V класс; Пособие для учителей

Bibliographische Detailangaben
1. Verfasser: Шатилов С. Ф. Сергей Филиппович
Sprache:Deutsch
Russisch
Veröffentlicht: Москва, Просвещение, 1964
Schlagworte:
Format: Buch
KOHA link:https://koha.lib.tpu.ru/cgi-bin/koha/opac-detail.pl?biblionumber=23456

MARC

LEADER 00000nam0a2200000 4500
001 23456
005 20231030195600.0
035 |a (RuTPU)RU\TPU\book\23675 
035 |a BOOK00023748 
090 |a 23456 
100 |a 20011209d1964 m y0rusy50 ca 
101 0 |a ger  |a rus 
102 |a RU 
105 |a y j 000zy 
200 1 |a Учим говорить по-немецки  |e Сборник речевых упражнений в дополнение к учебнику. V класс  |e Пособие для учителей  |f С. Ф. Шатилов 
210 |a Москва  |c Просвещение  |d 1964 
215 |a 78 с. 
610 1 |a немецкий язык 
610 1 |a учебные пособия 
610 1 |a устная речь 
610 1 |a разговорная речь 
610 1 |a средняя школа 
610 1 |a методика 
610 1 |a преподавание 
686 |a Ш143.24-922.4  |v LBC/SL-A  |2 rubbk 
700 1 |a Шатилов  |b С. Ф.  |g Сергей Филиппович 
801 0 |a RU  |b 63413507  |c 20011209  |g PSBO 
801 2 |a RU  |b 63413507  |c 20150603  |g PSBO 
942 |c BK